000 01089nam a22002777a 4500
999 _c117320
_d117320
003 dpl
005 20190104125420.0
008 190104b ||||| |||| 00| 0 eng d
010 _aB-040097
020 _c150.00
_a8126700793
035 _aB-040097, B-040099
037 _bCen Lib/Ret
040 _aDPL
_bHN
_c0
082 _a
_bजगदी
100 _aजगदीश चन्द्र
_971335
245 _aलाट की वापसी /
_cजगदीश चन्द्र
246 _aLaat ki vaapsi /
_bby Jagdish Chandra
260 _aनई दिल्ली
_bराजकमल प्रकाशन
_c2000
270 _a1-बी, नेताजी सुभाष मार्ग
_bनई दिल्ली
_e110002
300 _a183पृ.
_c21सेमी(सजिल्द)
650 _aहिंदी साहित्य
_971336
650 _aहिंदी साहित्य--उपन्यास
_91009
650 _aHindi literature
_971337
650 _aHindi literature--Novel
_971338
942 _2ddc
_cHN
_h
_mजगदी